00429cam a2200169ua 45000010005000000080039000050200015000440400009000590410008000680820008000761000028000842450045001122500024001572600040001813000010002216530028002319941170110n ii |||gr||||Z||||||eng a8187125608 cMAIN aeng a337 aJhingan, M.L.,eAuthor. aInternational economicscBy M.L. Jhingan a5th rev. & enl. ed. aDelhi:bVrinda publications,c2007. a666p. aInternational economics